Statystyki dla Zagłębie Lubin, jesień 2019/2020

Kliknij tutaj aby rozwiązać quiz!

Ogólne statystyki

  • Ten quiz został rozwiązany 102 razy
    (91 od ostatniego zresetowania)
  • Średni wynik to 10 z 27

Statystyki odpowiedzi

PozycjaImię i Nazwisko% Poprawnych
BramkarzDominik Hładun
82%
PomocnikFilip Starzyński
79%
PomocnikDamjan Bohar
68%
BramkarzKonrad Forenc
68%
ObrońcaAlan Czerwiński
61%
ObrońcaLubomir Guldan
60%
PomocnikSasa Zivec
60%
ObrońcaDamian Oko
56%
NapastnikPatryk Szysz
53%
PomocnikBartosz Slisz
51%
ObrońcaSasa Balić
51%
ObrońcaBartosz Kopacz
43%
PomocnikŁukasz Poręba
43%
PomocnikJakub Tosik
40%
NapastnikPatryk Tuszyński
40%
ObrońcaMaciej Dąbrowski
30%
PomocnikBartłomiej Pawłowski
29%
NapastnikSirk Rok
25%
ObrońcaDominik Jończy
22%
BramkarzMateusz Kuchta
21%
PomocnikDawid Pakulski
14%
PomocnikPatryk Mucha
5%
BramkarzKacper Bieszczad
4%
ObrońcaSerafin Szota
3%
PomocnikŁukasz Soszyński
1%
PomocnikPaweł Żyra
1%
PomocnikDaniel Dudziński
0%

Rozkład punktacji

Percentyl według liczby udzielonych odpowiedzi

Procent ludzi z każdym wynikiem

Twoja historia wyników

Nie rozwiązałeś tego quizu od ostatniego zresetowania